000 00733nam a2200205 a 4500
001 000023068
005 20200930021951.0
008 101125s1955 sp abc r 000 0 spa d
040 _aDO-SdBNP
_bspa
_cBNPHU
082 _annnn
_bA545d
100 1 _aAnderson, Kenneth,
_947488
240 1 0 _aNine man-eaters and one rogue.
_lEspañol.
245 1 0 _aDevoradores de hombres /
_cKenneth Anderson ; traducción de Antonio Ribera Jordá.
260 _aBarcelona :
_bJuventud,
_c1955.
300 _a221, [2] p. :
_bil., mapas, retrs. ;
_c23 cm.
504 _aIncluye notas al pie de las páginas.
534 _pTítulo original en inglés:
_tNine man-eaters and one rogue.
700 1 _aRibera Jordá, Antonio,
_etr.
_912499
049 _aBNGR
999 _c22565
_d22565